Mazen,
Saved in:
| Main Author: | |
|---|---|
| Format: | Book |
| Language: | Japanese |
| Published: |
Tōkyō,
Shunjūsha,
1964.
|
| Subjects: | |
| Tags: |
Add Tag
No Tags, Be the first to tag this record!
|
| LEADER | 00669cam a2200229 4500 | ||
|---|---|---|---|
| 001 | 008161663-5 | ||
| 005 | 20024617115958.0 | ||
| 008 | 910207s1964 ja ac 000 0 jpn | ||
| 010 | |a j 66000231 | ||
| 035 | 0 | |a ocm23070690 | |
| 040 | |a DLC |c CLU |d *YNH* |d CStRLIN | ||
| 050 | 0 | |a BL1493 |b .S38 | |
| 100 | 1 | |6 880-01 |a Seki, Bokuō, |d 1903- | |
| 245 | 1 | 0 | |6 880-02 |a Mazen, |c Seki Bokuō cho. |
| 260 | |6 880-03 |a Tōkyō, |b Shunjūsha, |c 1964. | ||
| 300 | |a 5, 211 p. |b illus., ports. |c 20 cm. | ||
| 650 | 0 | |a Zen Buddhism. | |
| 880 | 1 | |6 100-01 |a 関牧翁, |d 1903- | |
| 880 | 1 | 0 | |6 245-02 |a 魔禅, |c 関牧翁著. |
| 880 | |6 260-03 |a 東京, |b 春秋社, |c 1964. | ||
| 988 | |a 20021214 | ||
| 906 | |0 DLC | ||


